Statistics for Saturday Night Live Cast Members

Click here to take the quiz!

General Stats

  • This quiz has been taken 490 times
    (484 since last reset)
  • The average score is 41 of 132

Answer Stats

Years ActiveAnswer% Correct
2000-2006Tina Fey
83%
1995-2002Will Ferrell
82%
1975-1976Chevy Chase
80%
2001-presentSeth Meyers
77%
1980-1984Eddie Murphy
76%
1975-1979John Belushi
75%
2001-2008Amy Poehler
73%
1989-1995Mike Myers
73%
1975-1979Dan Aykroyd
72%
1998-2004Jimmy Fallon
72%
1991-1995Adam Sandler
70%
1977-1980Bill Murray
69%
1990-1995Chris Farley
69%
1975-1980Gilda Radner
69%
1983-1985Jim Belushi
69%
2005-2012Kristen Wiig
67%
1986-1993Dana Carvey
65%
1979-1980Peter Aykroyd
63%
2003-presentKenan Thompson
62%
1990-1996David Spade
60%
1975-1980Jane Curtin
60%
2005-presentBill Hader
58%
1990-1993Chris Rock
57%
2000-2007Maya Rudolph
53%
1986-1994Phil Hartman
53%
1991-1992Siobhan Fallon
52%
2005-2012Andy Samberg
51%
1995-2000Cheri Oteri
51%
1995-2001Molly Shannon
47%
2002-presentFred Armisen
45%
2012-presentKate McKinnon
44%
1975-1980Garrett Morris
43%
2012-presentCecily Strong
42%
1975-1980Laraine Newman
42%
1993-1998Norm Macdonald
42%
1999-2006Rachel Dratch
42%
1996-2003Chris Kattan
41%
1995-2009Darrell Hammond
41%
1991-2000Tim Meadows
41%
1985-1991Dennis Miller
40%
1998-2000Horatio Sanz
40%
1986-1995Kevin Nealon
40%
1986-1992Victoria Jackson
40%
2005-presentJason Sudeikis
39%
1984-1985Martin Short
39%
1996-2003Tracy Morgan
39%
2012-presentAidy Bryant
37%
2010-presentJay Pharoah
37%
2010-presentVanessa Bayer
37%
1990-1994Rob Schneider
36%
2010-presentTaran Killam
36%
1996-2002Ana Gasteyer
35%
1984-1985Billy Crystal
35%
1985-1990Jon Lovitz
35%
1977-1980, 1985-1986, 1988-1995Al Franken
34%
1982-1985Julia Louis-Drefus
33%
2008-presentBobby Moynihan
32%
1998-2006Chris Parnell
32%
1995-2000Colin Quinn
32%
1986-1991Jan Hooks
32%
1980-1984Joe Piscopo
32%
2008-2012Abby Elliott
29%
1985-1986Anthony Michael Hall
29%
2009-presentNasim Pedrad
29%
1982-1984Brad Hall
28%
1979-19880Jim Downey
28%
1985-1990Nora Dunn
28%
1984-1985Rich Hall
28%
2002-2010Will Forte
27%
1980-1981Charles Rocket
24%
1994-1995Chris Elliott
24%
1985-1986Robert Downey, Jr.
24%
1990-1994Julia Sweeney
22%
1977-1980Tom Davis
22%
1989Ben Stiller
21%
1985-1986Terry Sweeney
21%
1985-1991A. Whitney Brown
20%
1984-1985Christopher Guest
19%
1979-1982Brian Doyle-Murray
18%
1991-1995Ellen Cleghorne
18%
1993-1994Sarah Silverman
18%
2008-2009Casey Wilson
15%
1980-1981Gilbert Gottfried
15%
1979-1980, 1984-1985Harry Shearer
15%
1995-1998Jim Breuer
15%
1981-1985Mary Gross
15%
1985-1986Randy Quaid
15%
1981-1984Tim Kazurinsky
15%
1985-1986Danitra Vance
14%
2003-2006Finesse Mitchell
14%
1993-1995Jay Mohr
14%
1985-1986Joan Cusack
14%
1991-1994Melanie Hutsell
14%
2009-2010Jenny Slate
13%
1995-1997Mark McKinney
13%
1994-1995Michael McKean
13%
1985-1986Damon Wayans
12%
1980-1981Denny Dillon
12%
1994-1995Janeane Garofalo
12%
2010-2012Paul Brittain
12%
1981-1984Robin Duke
12%
2001-2004Jeff Richards
11%
1975Michael O'Donoghue
11%
1982-1985Gary Kroeger
10%
2012-presentTim Robinson
10%
1981-1982Christine Ebersole
9%
1995-1996David Koechner
9%
2001-2003Dean Edwards
9%
2008-2009Michaela Watkins
9%
1995-1996Nancy Walls
9%
1975George Coe
8%
2004-2005Rob Riggle
8%
1979-1980Paul Shaffer
7%
1991-1992Beth Cahill
6%
1979-1980, 1985-1986Don Novello
6%
2000-2001Jerry Minor
6%
1984-1985Pamela Stephenson
6%
1981-1982Tony Rosato
6%
1980-1981Ann Risley
5%
1980-1981Gail Matthius
5%
1994-1995Laura Kightlinger
5%
1981Laurie Metcalf
5%
1991-1993Robert Smigel
5%
1979-1980Alan Zweibel
4%
1980-1981Matthew Laurance
4%
1995Morwenna Banks
4%
1979-1980Tom Schiller
4%
1995-1996Fred Wolf
3%
1980-1981Yvonne Hudson
3%
1985-1986Dan Vitale
2%
1981Emily Prager
1%
1980-1981Patrick Weathers
1%

Score Distribution

Percentile by Number Answered

Percent of People with Each Score

Your Score History

You have not taken this quiz since the last reset